000 00271nam a22001217a 4500
008 181102b xxu||||| |||| 00| 0 eng d
041 _aeng
080 _22nd
_a616.5
100 _a7
101 _aDER
245 _aSynopsis of Dermatology
_cStewart,W.D
942 _2udc
_cBK
999 _c51646
_d51646